000 00664cam a22002293a 4500
001 43896
003 PGUSA
005 20140828084011.0
008 131005s2013||||xxu|||||s|||||000 | eng d
040 _aPGUSA
_beng
042 _adc
050 4 _aBV
100 1 _aTemple, William,
_d1881-1944
245 1 0 _aChurch and Nation :
_bThe Bishop Paddock Lectures for 1914-15
_h[electronic resource] /
_cWilliam Temple
260 _bProject Gutenberg,
_c2013
506 _aPublic domain in the USA.
516 _aElectronic text
653 _aChurch and state
830 0 _aProject Gutenberg
_v43896
856 4 0 _uhttp://www.gutenberg.org/ebooks/43896
942 _cEB
999 _c273147
_d273147